| 000 | 00940nam a2200265 i 4500 | ||
|---|---|---|---|
| 003 | DO-SdBNP | ||
| 005 | 20240404104626.0 | ||
| 007 | ta | ||
| 008 | 211015e1989 dr ||||fr|||| 00| 0 spa d | ||
| 040 |
_aDO-SdBNP _bsps _cBNPHU _erda |
||
| 082 | 4 |
_222 _bC389d |
|
| 100 | 1 |
_910282 _aCedeño Jiménez, Victor Livio, _d1942- _eautor |
|
| 245 | 1 | 0 |
_aDerecho bancario dominicano / _cVíctor Livio Cedeño J. ; prólogo, Roberto B. Saladin Selin. |
| 264 |
_aSanto Domingo : _b Fundación Hispano, _c1989. |
||
| 300 |
_avolumenes ; _c21 cm |
||
| 336 |
_2rdacontent _atexto _btxt |
||
| 337 |
_2rdamedia _asin mediación _bn |
||
| 338 |
_2rdacarrier _avolumen _bnc |
||
| 500 | _aEn la biblioteca se encuentra el v.1 | ||
| 500 | _aIncluye tabla de materia: p.207 - 213 | ||
| 590 | _aInventariado 2021 / MF | ||
| 650 | 4 |
_97945 _aDerecho Bancario _zRepública Dominicana |
|
| 700 | 1 |
_96281 _aSaladin Selin, Roberto B., _d1936- _eprólogo |
|
| 942 |
_2ddc _cLBS1 |
||
| 999 |
_c50761 _d50761 |
||